[Event "Colorado Challengers"]
[Site "Lone Tree"]
[Date "2016.06.16"]
[Round "4"]
[White "Bekkedahl, Zachary"]
[Black "Swerdlin, Ryan"]
[Result "0-1"]
[WhiteElo "2199"]
[BlackElo "2189"]
[PlyCount "88"]
[EventDate "2016.06.16"]
[EventType "tourn"]
[EventRounds "5"]
[EventCountry "USA"]
[SourceTitle "EXT 2017"]
[Source "ChessBase"]
[SourceDate "2016.10.25"]
[SourceVersion "1"]
[SourceVersionDate "2016.10.25"]
[SourceQuality "1"]

1. e4 c6 2. d4 d5 3. Nc3 dxe4 4. Nxe4 Nd7 5. Ng5 Ngf6 6. Bc4 e6 7. Qe2 Nb6 8. Bd3 c5 9. dxc5 Bxc5 10. N1f3 Qc7 11. Ne5 Bxf2+ 12. Kxf2 Qxe5 13. Qxe5 Ng4+ 14. Kg3 Nxe5 15. Rd1 Nxd3 16. Rxd3 Bd7 17. Be3 Bb5 18. Rb3 Ba4 19. Bxb6 axb6 20. Rxb6 Bc6 21. a4 Ra5 22. Nf3 0-0 23. c4 Rfa8 24. b3 Kf8 25. Rd1 Ke7 26. Nd4 Rg5+ 27. Kf4 Rxg2 28. Nxc6+ bxc6 29. Rxc6 g5+ 30. Kf3 Rxh2 31. Rc7+ Kf6 32. Rb7 h5 33. Ke4 Rf2 34. c5 g4 35. Rdd7 Kg6 36. c6 g3 37. c7 g2 38. Rd1 Rf1 39. Rb8 g1Q 40. Rxf1 Qxf1 41. c8Q Qe2+ 42. Kd4 Qd2+ 43. Ke4 Qd5+ 44. Ke3 Qe5+ 0-1

[Event "Paris-ch op-B 87th"]
[Site "Paris"]
[Date "2012.07.10"]
[Round "4"]
[White "Swerdlin, Ryan"]
[Black "Ben Khelifa, Noomene"]
[Result "0-1"]
[WhiteElo "1943"]
[BlackElo "2081"]
[PlyCount "80"]
[EventDate "2012.07.07"]
[EventType "swiss"]
[EventRounds "9"]
[EventCountry "FRA"]
[SourceTitle "EXT 2013"]
[Source "ChessBase"]
[SourceDate "2012.11.22"]
[SourceVersion "1"]
[SourceVersionDate "2012.11.22"]
[SourceQuality "1"]

1. d4 Nf6 2. c4 e6 3. Nf3 c5 4. e3 d5 5. Nc3 Nc6 6. Be2 Bd6 7. 0-0 a6 8. b3 0-0 9. Bb2 cxd4 10. exd4 Ne4 11. Nxe4 dxe4 12. Nd2 f5 13. g3 Kh8 14. d5 Ne7 15. dxe6 Bxe6 16. Qc2 Qc7 17. Rac1 Rac8 18. Rfd1 e3 19. fxe3 Bxg3 20. Nf3 Bd6 21. Qc3 Rf6 22. Qd3 Rg6+ 23. Kh1 Bxh2 24. Nxh2 Rh6 25. Bxg7+ Kxg7 26. Qd4+ Kf7 27. Qf4 Qxf4 28. exf4 Rh4 29. Bf3 Rc7 30. Rd4 Ng6 31. Rf1 b5 32. Be2 Ne5 33. cxb5 Rc2 34. Re1 Ng4 35. bxa6 Rxh2+ 36. Kg1 Rcxe2 37. Rxe2 Rxe2 38. a4 Bxb3 39. a7 Re8 40. Rb4 Bd5 0-1